00691nam a2200193 b 4500003000500000005001700005008004100022020002300063040001400086041001500100082001400115100001800129245003600147260004700183300006300230500012400293521003900417650004100456322820250721122426.0210817s9999 xx a 000 1 und d a9780399221828qhbk aRDAc3228 2EaEnglish aEKF WEIS  aWeiss, Nicki  0aAn egg is an egg /cNicki Weiss aNew York : bMcmillan/McGraw-Hill, c1990. aunnumbered pages : bcolor illustrations, jacket ; c26 cm aA poetic explanation of how everything changes--eggs to chicks, branches to sticks, spring to winter, and day to night. aReading grade level 1. Preschool. vChange—Fiction xStories in rhyme